000 00520nam a2200217Ia 4500
003 OSt
005 20221005132043.0
006 a|||||r|||| 00| 0
007 ta
008 221004b |||||||| |||| 00| 0 tam d
024 _a51577
037 _cTextual
040 _aCRL
_cCRL
_btam
041 _2tam
_atam
082 _aQ3, 31J0
245 0 _aten indiaum samana pautha vainava samayamgalam
260 _c1950
650 _aJAINISM
942 _hQ3, 31J0
_cTEXL
_2cc
999 _c1062314
_d1062314